000 01022nam a2200289 i 4500
003 DO-SdBNP
005 20240827154237.0
007 ta
008 240827s2011 py c 000 spa d
020 _a9789995311278
040 _aDO-SdBNP
_bspa
_cBNPHU
_erda
082 _222
_bR484G
100 1 _aRibeiro, Ana
_d1955-
_eautora
_986418
245 1 0 _aGaspar Rodríguez de Francia :
_bel hombre de la independencia y el aislamiento paraguayo /
_cAna Ribeiro ; prólogo Herib Caballero Campos
264 1 _aAsunción, Paraguay :
_bEl Lector,
_c[2011.]
300 _a138 páginas
_bretratos
_c19 cm.
336 _2rdacontent
_atexto
_btxt
337 _2rdamedia
_asin mediación
_bn
338 _2rdacarrier
_avolumen
_bnc
490 1 _aProtagonistas de la historia
_v1
500 _aIncluye datos biografícos de la autora en la página 137-138.
504 _aBibliografía p: 131-136.
590 _aInventariado,2024/ YL
700 1 _aCaballero Campos, Herib
_eprólogo
_986419
910 _aYLockward
942 _2ddc
_cLBS1
999 _c57562
_d57562